000 00767nas a2200253 4500
001 BR2014000475
003 BR-BrBNA
005 20231205123640.0
007 ta
008 230509b bl.|||p| |||| 00| 00por d
040 _aBR-BrBNA
_bpor
_cBiblioteca Nacional de Agricultura
041 _a(En)
072 _aF40
100 1 _aSantos-Filho, F.S.
100 1 _aAlmeida Junior, E.B.
100 1 _aZickel, C.S.
245 1 _aDo edaphic aspects alter vegetation structures in the Brazilian restinga?
650 _aVEGETAÇÃO
650 _aRESTINGA
650 _aPEDOLOGIA
773 0 _tActa Botanica Brasilica (Brazil)
_xISSN 0102-3306
_g(Jul--Sep 2013), v. 27(3) p. 613-623
_wBR2014000475
909 _a202311
_bLúcia
_c55
_dLúcia Elande
942 _2AGRIS
_n0
_cANA
999 _c234978
_d234978